000 00703nam a2200217 a 4500
005 20140311163026.0
008 080422s19uu xx 00 eng d
020 _a1401897193
050 _aRJ 496.S8
_b.R35 2005
100 _aRamig, Peter R.
245 _aThe child and adolescent stuttering treatment and activity resource guide /
_cRamig, Peter R.
260 _aAustralia :
_bThomson Delmar Learning,
_c2005.
300 _a289 p. :
_bcol. ill. ;
_c25 cm.
521 _aEDU
650 _aStuttering in children
_xTreatment.
650 _aStuttering in adolescent
_xTreatment.
650 _aSpeech therapy for children.
700 _aDodge, Darrell M.
942 _cBK
_2lcc
_kFOR
999 _c39546
_d39546